Statistiques concernant John célèbres

Cliquez ici pour prendre le quiz!

Statistiques générales

  • Ce quiz a été pris 179 fois
  • Le résultat moyen est 7 sur 15

Statistiques - réponses

DescriptifRéponse% Correct
Président des Etats-Unis qui était un Berlinois décédant assassiné le 22 novembre 1963 à Dallas.Fitzgerald Kennedy
93%
Acteur célèbre pour ses rôles dans Grease et Pulp fiction.Travolta
92%
Fondateur des Beatles.Lennon
86%
Personnage de fiction interprété par Sylvester Stallone dans une série de 5 films.Rambo
72%
Joueur de tennis américain gaucher ayant remporté 3 fois Wimbledon et l'US Open à 4 reprises.McEnroe
55%
Franchise mettant en scène un héros éponyme assassin à la retraite, interprété au cinéma par Keanu Reeves.Wick
50%
Catcheur américain treize fois champion de WWE.Cena
48%
L'un des acteurs les plus représentatifs du western surnommé "le Duc" et ayant remporté l'Oscar du meilleur acteur en 1970 pour Cent dollars pour un shérif.Wayne
47%
Prix Pulitzer en 1940 pour Les Raisins de la colère et prix Nobel de Littérature en 1962.Steinbeck
41%
2ème président des États-Unis.Adams
29%
Créateur de la fonction logarithme en mathématiques.Napier
21%
Chimiste et physicien britannique ayant travaillé sur une maladie de la vision au nom sans équivoque ainsi que sur la "théorie atomique".Dalton
12%
Compositeur de musique de film, plus particulièrement de la saga James Bond entre 1963 et 1987 et des longs-métrages Out of Africa et Danse avec les loups.Barry
10%
Joueur de tennis australien ayant remporté 26 titres (simple, double et double mixte confondus) dans les tournois du Grand Chelem.Newcombe
8%
Premier 1er Ministre du Canada.A. Macdonald
5%

Distribution des résultats

Percentile par nombre de réponses

% des personnes avec chaque résultat

Votre développement - résultats

Vous n’avez pas pris ce quiz